UM Logo
Normal view MARC view
  • Joe, Sungjun.

Entry Personal Name

Number of records used in: 1

001 - CONTROL NUMBER

  • control field: 59436

003 - CONTROL NUMBER IDENTIFIER

  • control field: OSt

005 - DATE AND TIME OF LATEST TRANSACTION

  • control field: 20240829170526.0

008 - FIXED-LENGTH DATA ELEMENTS

  • fixed length control field: 240829|| aca||aabn | a|a d

040 ## - CATALOGING SOURCE

  • Original cataloging agency: OSt
  • Transcribing agency: OSt

100 ## - HEADING--PERSONAL NAME

  • Personal name: Joe, Sungjun.
  • Relator term: author.

670 ## - SOURCE DATA FOUND

  • Source citation: Work cat.: (OSt): Joe, Sungjun. author., Effects of social influence and perceive enjoyment on kiosk acceptance :, 2022.